000
00311nam a22001337a 4500
003
SGT
082
_a
346.066
_b
JOH
100
_a
JOHARI H C
245
_a
JOHARI COMMENTARIES ON COMPANIES ACT
_b
SECTION 224 TO 447
250
_a
2
260
_a
KOLKATA
_b
KAMAL LAW HOUSE
_c
2006
300
_a
2944
942
_2
ddc
_c
BK
999
_c
32769
_d
32769